000 00500pab a2200181 454500
008 180718b2012 xxu||||| |||| 00| 0 eng d
100 _aMathur, P.P.
245 _aQuality in higher education: Challenges of internationalization of higher education institutions
260 _c2012
300 _ap.32-34.
362 _a22 Oct
650 _aEducational institutions
650 _aHigher education
650 _aEducational quality
773 _aUniversity News
908 _aN
909 _a97817
999 _c97816
_d97816